| 000 | 01369cas a2200337 a 4500 | ||
|---|---|---|---|
| 999 |
_c523445 _d523445 |
||
| 022 | 0 | _a0047-2506 | |
| 082 | 0 | 4 | _a650 |
| 245 | 0 | 0 | _aJournal of international business studies. |
| 260 |
_aAtlanta, Ga. : _bSchool of Business Administration, Georgia State University : _bAcademy of International Business |
||
| 260 | 3 |
_aHoundmills, Basingstoke, UK : _bPalgrave Macmillan |
|
| 300 |
_avolumes ; _c23-26 cm |
||
| 590 | _aSERBIB/SERLOC merged record | ||
| 650 | 0 |
_aInternational business enterprises _913802 |
|
| 650 | 0 |
_aInternational economic relations _9539 |
|
| 650 | 6 |
_aRelations économiques internationales _913803 |
|
| 650 | 6 |
_aCommerce _913804 |
|
| 650 | 7 |
_aInternational business enterprises. _913802 |
|
| 650 | 7 |
_aInternational economic relations. _9539 |
|
| 710 | 2 |
_aGeorgia State University. _913805 |
|
| 710 | 2 |
_aAssociation for Education in International Business. _913806 |
|
| 710 | 2 |
_aRutgers University. _913807 |
|
| 710 | 2 |
_aUniversity of South Carolina. _913808 |
|
| 710 | 2 |
_aUniversity of Western Ontario. _913809 |
|
| 710 | 2 |
_aRichard Ivey School of Business. _913810 |
|
| 710 | 2 |
_aHandelshøjskolen i København. _913811 |
|
| 710 | 2 |
_aMcDonough School of Business. _913812 |
|
| 710 | 2 |
_aAcademy of International Business. _913813 |
|
| 942 |
_cCR _s1 |
||